Statystyki dla Minimalne stawki obowiązujące w poszczególnych krajach Europy 2021

Kliknij tutaj aby rozwiązać quiz!

Ogólne statystyki

  • Ten quiz został rozwiązany 37 razy
  • Średni wynik to 18 z 21

Statystyki odpowiedzi

HintOdpowiedź% Poprawnych
1614 EURNiemcy
100%
614 EURPolska
100%
1626 EURBelgia
94%
1108 EURHiszpania
94%
1685 EURHolandia
94%
776 EURPortugalia
94%
1555 EURFrancja
92%
1724 EURIrlandia
92%
623 EURSłowacja
92%
579 EURCzechy
89%
758 EURGrecja
89%
642 EURLitwa
89%
500 EURŁotwa
89%
1024 EURSłowenia
89%
584 EUREstonia
83%
2002 EURLuksemburg
83%
458 EURRumunia
83%
332 EURBułgaria
81%
442 EURWęgry
81%
563 EURChorwacja
78%
785 EURMalta
56%

Rozkład punktacji

Percentyl według liczby udzielonych odpowiedzi

Procent ludzi z każdym wynikiem

Twoja historia wyników

Nie rozwiązałeś tego quizu